Luar bandar Malaysia : Kemiskinan , masalah keperluan asas dan cadangandasar
| Format: | Book |
|---|---|
| Published: |
Pulau Pinang :
Persatuan Pengguna Pulau Pinang ,
[19 --].
|
| Subjects: |
MARC
| LEADER | 00000cam a2200000 7i4500 | ||
|---|---|---|---|
| 001 | 0000000805 | ||
| 005 | 20021118093000.0 | ||
| 008 | 021118n | ||
| 020 | |a 9679950654 | ||
| 090 | 0 | 0 | |a HN700.6.Z9 |b C63 |
| 245 | 0 | 0 | |a Luar bandar Malaysia : |b Kemiskinan , masalah keperluan asas dan cadangandasar |
| 260 | 2 | |a Pulau Pinang : |b Persatuan Pengguna Pulau Pinang , |c [19 --]. | |
| 300 | |a 43 ms. ; ; |c 22 sm. | ||
| 650 | 0 | |a Rural development |z Malaysia | |
| 651 | 0 | |a Malaysia |x Rural conditions | |
| 999 | |a 1000000928 |b Book |c OPEN SHELF (30 DAYS) |e Gong Badak Campus | ||